| 000 | 00817nas a2200253 4500 | ||
|---|---|---|---|
| 001 | BR2010004737 | ||
| 003 | BR-BrBNA | ||
| 005 | 20231205114310.0 | ||
| 007 | ta | ||
| 008 | 230509b bl.|||p| |||| 00| 00por d | ||
| 040 |
_aBR-BrBNA _bpor _cBiblioteca Nacional de Agricultura |
||
| 041 | _a(Pt) | ||
| 072 | _aM12 | ||
| 100 | 1 | _aBrito, C.S.F. de | |
| 100 | 1 | _aFurtado Júnior, I. | |
| 245 | 1 | _aDinâmica sazonal da CPUE da serra, Scomberomorus brasiliensis, capturada com rede de emalhar do tipo serreira no estado do Pará | |
| 650 | _aPEIXE SERRA | ||
| 650 | _aDINÂMICA POPULACIONAL | ||
| 650 | _aPESCA | ||
| 650 | _aPARÁ | ||
| 773 | 0 |
_tArquivos de Ciências do Mar (Brazil) _xISSN 0374-5686 _g(2010), v. 43(1) p. 88-95 _wBR2010004737 |
|
| 909 |
_a202311 _bLúcia _c55 _dLúcia Elande |
||
| 942 |
_2AGRIS _n0 _cANA |
||
| 999 |
_c208098 _d208098 |
||